000 00707nam a2200217 a 4500
999 _c9418
_d9418
001 9418
003 BD-JhCC
005 20180314100333.0
008 180314s2008 bg |||| ||a| 000 0 ben d
035 _a(BD-JhCC)9418
040 _aBD-JhCC
_dBD-JhCC
041 _aben
082 _a320
_bSAl 2008
100 _aসালিম, আহমেদ
245 _aপাকিস্তানের কারাগারে শেখ মুজিবের বন্দিজীবন /
_cআহমেদ সালিম,
260 _aঢাকা :
_bসাহিত্য প্রকাশ,
_c2008
300 _a109 p. :
_c24 cm.
650 _aPolitics and Government
942 _2ddc
_cBK